Geometričeskije asimptotiki = Geometric asymptoties
Guardado en:
| Autores principales: | , |
|---|---|
| Formato: | Libro |
| Lenguaje: | ruso |
| Publicado: |
Moskva :
Mir,
1981
|
| Etiquetas: |
Sin Etiquetas, Sea el primero en etiquetar este registro!
|
MARC
| LEADER | 00000nam a22000003a 4500 | ||
|---|---|---|---|
| 001 | stu90739 | ||
| 005 | 20150617225625.1 | ||
| 008 | 041006s1981------------------------rus-d | ||
| 040 | |a STU |b slo | ||
| 041 | 0 | |a rus | |
| 080 | |a 517 |7 stu_us_auth*stu8334 | ||
| 100 | 1 | |a Guillemin, Victor |4 aut | |
| 245 | 1 | |a Geometričeskije asimptotiki = Geometric asymptoties | |
| 260 | |a Moskva : |b Mir, |c 1981 | ||
| 300 | |a 500 s | ||
| 500 | |a prel. z angl.orig. | ||
| 700 | 1 | |a Sternberg, Shlomo |4 aut | |
| 996 | |b E48760 |c E*48760 |l EE03 |s P |a 0 |w stu90739_0001 | ||